Catálogo de las plantas aromáticas, condimentarias y medicinales de la región de Murcia : I. Caracterización del medio. II. Catálogo de la familia labiadas /
Guardado en:
| Autor Principal: | |
|---|---|
| Autor Corporativo: | |
| Otros Autores: | , |
| Formato: | Libro |
| Idioma: | Spanish |
| Publicado: |
Madrid :
Instituto Nacional de Investigaciones Agrarias,
1989.
|
| Series: | Monografías INIA ;
nº 67 |
| Acceso en línea: | Acceso a la descarga gratuita del libro |
| Etiquetas: |
Agregar Etiqueta
Sin Etiquetas, Sea el primero en etiquetar este registro!
|
| LEADER | 01036nam a22002055a 4500 | ||
|---|---|---|---|
| 001 | EEA.libagro004480 | ||
| 008 | 130809s1989####sp#a##########000#0#spa#d | ||
| 005 | 20210320140219.0 | ||
| 245 | 1 | 0 | |a Catálogo de las plantas aromáticas, condimentarias y medicinales de la región de Murcia : |b I. Caracterización del medio. II. Catálogo de la familia labiadas / |c Francisco José Alcaraz Ariza, Pedro Sánchez Gómez, Enrique Correal Castellanos. |
| 260 | |a Madrid : |b Instituto Nacional de Investigaciones Agrarias, |c 1989. | ||
| 300 | |a 156 p. : |b il. ; |c 24 cm. | ||
| 490 | 1 | |a Monografías INIA ; |v nº 67 | |
| 020 | |a 8474983215 | ||
| 100 | 1 | |a Alcaraz Ariza, Francisco José. | |
| 700 | 1 | |a Sánchez Gómez, Pedro. | |
| 700 | 1 | |a Correal Castellanos, Enrique. | |
| 710 | 2 | |a Instituto Nacional de Investigación y Tecnología Agraria y Alimentaria (España) | |
| 082 | 0 | 4 | |a 633.8 |
| 856 | 4 | 1 | |3 Acceso a la descarga gratuita del libro |u http://libros.inia.es/libros/product%5Finfo.php?products%5Fid=89 |
| 859 | |a AR-BbBCA |b BIB. AGRONOMIA |h 633.8 |i A348 |p 1991/1723 | ||
